Catálogo público

Memorias / (Record no. 166025)

MARC details
000 -CABECERA
campo de control de longitud fija 00773nam a2200253Ia 4500
001 - NÚMERO DE CONTROL
campo de control Z_2942
003 - IDENTIFICADOR DEL NÚMERO DE CONTROL
campo de control CHAP
008 - DATOS DE LONGITUD FIJA--INFORMACIÓN GENERAL
campo de control de longitud fija 220113s1999 xx 000 0 und d
010 ## - NÚMERO DE CONTROL DE LA BIBLIOTECA DEL CONGRESO
Número de control de LC 166025
040 ## - FUENTE DE LA CATALOGACIÓN
Centro/agencia transcriptor CHAP
082 ## - NÚMERO DE LA CLASIFICACIÓN DECIMAL DEWEY
Número de clasificación 636.39 R4
100 ## - ENTRADA PRINCIPAL--NOMBRE DE PERSONA
Nombre de persona Reunión Nacional sobre Caprinocultura (14 : 1999 : Montecillo, Méx.)
9 (RLIN) 140068
245 ## - MENCIÓN DE TÍTULO
Título Memorias /
Mención de responsabilidad, etc. por Colegio de Postgraduados
260 ## - PUBLICACIÓN, DISTRIBUCIÓN, ETC.
Lugar de publicación, distribución, etc. Montecillo, Méx. :
Nombre del editor, distribuidor, etc. El Colegio,
Fecha de publicación, distribución, etc. 1999
300 ## - DESCRIPCIÓN FÍSICA
Extensión 237 p. :
Otras características físicas ilus. ; cuadros ; gráfs.
650 ## - PUNTO DE ACCESO ADICIONAL DE MATERIA--TÉRMINO DE MATERIA
Término de materia o nombre geográfico como elemento de entrada Ganado cabrío
Subdivisión general Congresos I. Colegio de Postgraduados II. Asociación Mexicana de Producción Caprina
9 (RLIN) 140069
650 ## - PUNTO DE ACCESO ADICIONAL DE MATERIA--TÉRMINO DE MATERIA
Término de materia o nombre geográfico como elemento de entrada Ganado cabrío
Subdivisión general genética
9 (RLIN) 45013
901 ## - ELEMENTOS DE DATOS A LOCAL LDA (RLIN)
a 636.39 R4
902 ## - ELEMENTOS DE DATOS B LOCAL, LDB (RLIN)
a M
910 ## - DATOS DE OPCIÓN DEL USUARIO (OCLC)
Datos de opción del usuario 1999
942 ## - ELEMENTOS DE PUNTO DE ACCESO ADICIONAL (KOHA)
Tipo de ítem Koha Libro_
942 ## - ELEMENTOS DE PUNTO DE ACCESO ADICIONAL (KOHA)
Tipo de ítem Koha
Holdings
Estado de retiro Estado de pérdida Fuente del sistema de clasificación o colocación Estado dañado No para préstamo Código de colección Localización permanente Ubicación/localización actual Ubicación en estantería Fecha de adquisición Código de barras Fecha visto por última vez Número de copia Precio válido a partir de Tipo de ítem Koha
    Dewey Decimal Classification     General Zootecnia Zootecnia   09/11/2005 z_3078 18/01/2022 1 18/01/2022 Libro